HBG full of the joys of spring as it lands £254m of work (Record no. 80124)

MARC details
000 -LEADER
fixed length control field 00813cab a22001935a 4500
001 - CONTROL NUMBER
control field L143264
008 - FIXED-LENGTH DATA ELEMENTS--GENERAL INFORMATION
fixed length control field 080422e20080418xxk f s 000 0 eng d
035 ## - SYSTEM CONTROL NUMBER
System control number (Sirsi) u143264
041 0# - LANGUAGE CODE
Language code of text/sound track or separate title eng
100 1# - MAIN ENTRY--PERSONAL NAME
Personal name Glackin, Michael
245 00 - TITLE STATEMENT
Title HBG full of the joys of spring as it lands £254m of work
260 ## - PUBLICATION, DISTRIBUTION, ETC.
Date of publication, distribution, etc. 2008
490 ## - SERIES STATEMENT
Series statement Building Magazine
Volume/sequential designation 273(8525) 18 April 2008, 20-21(2)
520 ## - SUMMARY, ETC.
Summary, etc. Presents lists of the top contractors, architects, clients/promoters and quantity surveyors by project value. Reports that the Dutch firm HBG construction has returned to the top of the construction table after a month's absence by virtue of its success in winning two major education contracts.
590 ## - LOCAL NOTE (RLIN)
Local note KA
651 #4 - SUBJECT ADDED ENTRY--GEOGRAPHIC NAME
Geographic name United Kingdom
Chronological subdivision
690 ## - LOCAL SUBJECT ADDED ENTRY--TOPICAL TERM (OCLC, RLIN)
Topical term or geographic name as entry element BUILT ENVIRONMENT-CONSTRUCTION MARKET
942 ## - ADDED ENTRY ELEMENTS (KOHA)
Suppress in OPAC 0
Holdings
Withdrawn status Lost status Source of classification or shelving scheme Damaged status Not for loan Home library Current library Shelving location Date acquired Total Checkouts Full call number Barcode Date last seen Copy number Price effective from Koha item type
    Dewey Decimal Classification     London London Journal article 22/04/2008   L143264 143264-1001 06/08/2019 1 06/08/2019 Journal article